| 000 | 00804nam a2200229 u 4500 | ||
|---|---|---|---|
| 005 | 20210223133343.0 | ||
| 008 | 170803s2016 ch r 000 0 spa d | ||
| 020 | _a9789211219302 | ||
| 035 | _aUPN01000219332 | ||
| 049 | _aCG | ||
| 050 | 4 |
_aHD1531 A4.4 _bB7.3 |
|
| 245 | 0 | 0 |
_aBrechas y transformaciones : _bla evolución del empleo agropecuario en América Latina / _ced. Jürgen Weller. |
| 260 |
_aSantiago de Chile : _bCEPAL : _bNaciones Unidas, _c2016. |
||
| 300 |
_a268 p. : _bcuadros, gráfs. |
||
| 440 | 0 |
_pLibros de la CEPAL ; _v141 |
|
| 650 | 4 |
_aTRABAJADORES AGRICOLAS - _zAMERICA LATINA _926555 |
|
| 650 | 4 |
_aINDUSTRIAS AGRICOLAS - _zAMERICA LATINA _926554 |
|
| 650 | 4 |
_aINDUSTRIA ANIMAL - _zAMERICA LATINA _926553 |
|
| 700 | 1 |
_aWeller, Jürgen, _eed. |
|
| 905 | _aLibro | ||
| 999 |
_c191432 _d191432 |
||